El INCE y la formación técnica y profesional en Venezuela
Gespeichert in:
| 1. Verfasser: | |
|---|---|
| Format: | Buch |
| Sprache: | Spanisch |
| Veröffentlicht: |
París
UNESCO
1978
|
| Schriftenreihe: | Experiencia e Innovaciones en Educación, 35
|
| Schlagworte: | |
| Tags: |
Tag hinzufügen
Keine Tags, Fügen Sie den ersten Tag hinzu!
|
MARC
| LEADER | 00000nam a2200000 a 4500 | ||
|---|---|---|---|
| 001 | UCY3658 | ||
| 003 | CL-VaPUC | ||
| 008 | 950111e19780000FR |||||||||||||||||spa|d | ||
| 082 | 0 | 4 | |a 373.246 |b FUR |2 21 |
| 100 | 0 | |a Furter, Pierre |e author |9 332023 | |
| 245 | 1 | 3 | |a El INCE y la formación técnica y profesional en Venezuela |
| 300 | |a 123 p | ||
| 942 | |c BK | ||
| 945 | |d 19950111 00:00:00 |a rbrito | ||
| 260 | |a París |b UNESCO |c 1978 | ||
| 650 | 0 | |a Innovaciones pedagógicas |9 307471 | |
| 650 | 0 | |a Formación profesional |9 257232 | |
| 651 | 0 | |a Venezuela |9 254993 | |
| 583 | |a last modification |c 19950111 00:00:00 |k Rodrigo Vera | ||
| 490 | 0 | |a Experiencia e Innovaciones en Educación, 35 | |
| 999 | |c 231737 |d 231735 | ||
| 952 | |0 0 |1 0 |4 0 |6 373_246000000000000_FUR_1978 |7 0 |8 P |9 235355 |a BIBEDU |b BIBEDU |c BIBEDU_PB |d 2019-11-15 |i 3035638 |o 373.246 FUR 1978 |p 3035638 |r 2024-01-25 |w 2019-11-15 |y BK |k EDU | ||